000 01773nam0a2200373 4500
001 RU\NLR\bibl\893887
005 20260405161856.0
010 _a5-17-033058-8
_bООО "Изд-во АСТ"
010 _a5-9713-0279-5
_bООО Изд-во "АСТ МОСКВА"
010 _a5-9578-2681-2
_bООО "Транзиткнига"
_97000
021 _aRU
_b2005-67633
_93331
021 _aRU
_b2006-64549
_93227
035 _a(nilc)RSL-KNO-002756181
035 _a(NLR Aleph) 000882369
090 _a1667011
_c1667011
100 _a20051025d2006 |||y0rusy50 ca
101 1 _arus
_ceng
102 _aRU
105 _ay |||||||||
106 _ar
200 1 _aСиндром
_e[роман]
_fДжон Кейз
_g[пер. с англ. М. Казанской]
210 _aМ.
_cИзд-во АСТ [и др.]
_d2006
_eМинск
_gПолиграфкомбинат им. Я. Коласа
215 _a524 с.
_d21
225 1 _aИнтеллектуальный детектив
610 0 _aФилологические науки. Художественная литература -- США -- Американская литература -- с 1945 г. -- Произведения художественной литературы -- Художественная проза -- Романы. Повести. Рассказы -- Приключенческие и детективные романы, повести, рассказы
686 _aШ5(7США)62-644.6
_2rubbk
686 _aШ6(7США)67-446{Лх1979-60}
700 1 _4070
_8rus
_7ca
_aКейз
_bД.
_gДжон
_3RU\NLR\auth\7768278
_951206
801 0 _aRU
_bRuMoRKP
_c20051025
_grcr
801 1 _aRU
_bRuMoRGB
_c20051025
801 2 _aRU
_bNLR
_c20051226
_grcr
942 _cBOOK
980 _aNB